Cómo hicieron la Constitución de 1917 / (Record no. 199979)
[ view plain ]
| 000 -CABECERA | |
|---|---|
| campo de control de longitud fija | 00741nam a2200229 a 4500 |
| 005 - FECHA Y HORA DE LA ÚLTIMA TRANSACCIÓN | |
| campo de control | 20240919064133.0 |
| 008 - ELEMENTOS DE LONGITUD FIJA--INFORMACIÓN GENERAL | |
| campo de control de longitud fija | 181116s2017 mx r 000 0 spa d |
| 020 ## - NÚMERO INTERNACIONAL NORMALIZADO PARA LIBROS | |
| Número Internacional Estándar del Libro | 9786077456049 (SC) |
| 020 ## - NÚMERO INTERNACIONAL NORMALIZADO PARA LIBROS | |
| Número Internacional Estándar del Libro | 9786071648082 (FCE) |
| 035 ## - NÚMERO DE CONTROL DEL SISTEMA | |
| Número de control de sistema | UPN01000227884 |
| 049 ## - COLECCIÓN | |
| Colección | CG |
| 050 #4 - SIGNATURA TOPOGRÁFICA DE LA BIBLIOTECA DEL CONGRESO | |
| Número de clasificación | KGF2919 |
| Número de documento/Ítem | M3.3 |
| 100 1# - ASIENTO PRINCIPAL--NOMBRE PERSONAL | |
| Nombre de persona | Marván Laborde, Ignacio |
| 9 (RLIN) | 42382 |
| 245 10 - MENCIÓN DE TÍTULO | |
| Título | Cómo hicieron la Constitución de 1917 / |
| Mención de responsabilidad, etc. | Ignacio Marván Laborde. |
| 260 ## - PUBLICACIÓN, DISTRIBUCIÓN, ETC. | |
| Lugar de publicación, distribución, etc. | México : |
| Nombre del editor, distribuidor, etc. | Secretaría de Cultura, |
| Fecha de publicación, distribución, etc. | 2017. |
| 300 ## - DESCRIPCIÓN FÍSICA | |
| Extensión | 311 p. : |
| Otras características físicas | cuadros |
| 440 #0 - MENCIÓN DE SERIE/ASIENTO SECUNDARIO--TÍTULO | |
| Título | Biblioteca mexicana. |
| Nombre de parte o sección de la obra | Historia y antropología |
| 610 12 - ASIENTO SECUNDARIO DE MATERIA - NOMBRE CORPORATIVO | |
| Nombre de entidad corporativa o nombre de jurisdicción como elemento de entrada | México. |
| Título de la obra | Constitución política (1917) |
| 9 (RLIN) | 27956 |
| 651 #4 - ASIENTO SECUNDARIO DE MATERIA - NOMBRE GEOGRAFICO | |
| Nombre geográfico | México |
| Subdivisión general | Historia constitucional |
| 9 (RLIN) | 4597 |
| 905 ## - TIPO DE MATERIAL | |
| Tipo de material | Libro |
| Estado de retiro | Estado de pérdida | Fuente del sistema de clasificación o colocación | Estado dañado | No para préstamo | Código de colección | Localización permanente | Ubicación/localización actual | Ubicación en estantería | Total de préstamos | Clasificación | Código de barras | Fecha visto por última vez | Número de copia | Tipo de ítem Koha |
|---|---|---|---|---|---|---|---|---|---|---|---|---|---|---|
| Library of Congress Classification | Colección General | Bib. Gregorio Torres Quintero | Bib. Gregorio Torres Quintero | Planta baja | KGF2919 M3.3 | 328022 | 31/12/2020 | 1 | Libro |
